00849 2200229 4500001002100000005001700021008004100038035002400079082001000103090002100113100001500134245020100149260002800350300003500378500011700413500003100530650001900561850000900580985000600589986000900595999001500604YOGYA-0209000007210120090227093610.0 ind  0010-020900000072101 a351.1 a351.1bEdy PlSK aEDY ASTUTI aPengaruh motivasi kerja dan semangat kerja terhadap efektifitas Kerja Pegawaib(suatau penelitian Pegawai Negeri Sipil di Kantor Ranting Dinas Pendidikan dan Kebudayaan Yogyakartacoleh Edy Astuti aYogyakartab[s.n]c1995 axiii,128[15]lembarbilusc30cm aJurusan ilmu Administrsi Negara Sekolah Tinggi Ilmu sosial dan Ilmu Politik(STISIPOL) "Kartika Bangsa"Yogyakarta aBibliografi:lembar 116-117 aPegawai Negeri aBPAD a1 aheru a08A0036106